| 000 | 00716nam a2200181Ia 4500 | ||
|---|---|---|---|
| 008 | 151202s9999||||xx |||||||||||||| ||und|| | ||
| 082 | _bPNVM-68110 | ||
| 100 | _aरानडे राम केशव. | ||
| 245 | _aपरमार्थाच्या प्रांतात भाग-1. | ||
| 260 | _b"व्हीनस प्रकाशन,पुणे." | ||
| 260 | _c68110 | ||
| 300 | _a112 | ||
| 600 | _aरानडे राम केशव. | ||
| 630 | _aपरमार्थाच्या प्रांतात भाग-1. | ||
| 700 | _aरानडे राम केशव. | ||
| 730 | _aपरमार्थाच्या प्रांतात भाग-1. | ||
| 942 | _cBOOK | ||
| 999 |
_c1334620 _d1334617 |
||